[Event "OHS 2018"]
[Site "?"]
[Date "2018.03.05"]
[Round "5.2"]
[White "Zettl, Thomas"]
[Black "Quast, Marcel"]
[Result "0-1"]
[WhiteElo "1889"]
[BlackElo "2203"]
[PlyCount "138"]
[EventDate "2018.??.??"]
[WhiteTeam "SF Moers e.V."]
[BlackTeam "SC Gerthe 46 - Werne"]

1. c4 f5 2. Nc3 Nf6 3. g3 g6 4. Bg2 Bg7 5. d3 d6 6. Nf3 O-O 7. O-O Nc6 8. Nh4
e5 9. e4 f4 10. Nf3 Bg4 11. h3 Bxf3 12. Bxf3 Nd4 13. g4 Nd7 14. Kg2 Nc5 15. Rh1
Qh4 16. Ne2 Nxf3 17. Kxf3 Ne6 18. Ng1 Nd4+ 19. Kg2 f3+ 20. Kf1 Bh6 21. Bd2 Bxd2
22. Qxd2 Rf4 23. Qa5 Raf8 24. Qd5+ Kg7 25. c5 R8f6 26. cxd6 cxd6 27. Qxb7+ Kh6
28. Rc1 Rf7 29. Qc8 Kg7 30. b4 Qg5 31. h4 Qxg4 32. Qxg4 Rxg4 33. Rc8 Rb7 34. a3
a5 35. Rc4 axb4 36. Rxb4 Rc7 37. Rb1 Rc2 38. Ra1 Rg2 39. Nh3 Nb3 40. Rd1 Ra2
41. Rg1 Rh2 42. Rg3 Rh1+ 43. Ng1 Nd4 44. Rh3 Rxh3 45. Nxh3 Kf6 46. Kg1 h6 47.
Kh2 Ne2 48. Ng1 Nf4 49. a4 Rxf2+ 50. Kg3 Ra2 51. Kxf3 Ra3 52. Ne2 Nxd3 53. Kg2
Ke6 54. h5 gxh5 55. Rh1 Kf6 56. Rxh5 Kg6 57. Rh3 Ne1+ 58. Kh2 Ra2 59. Re3 Rxa4
60. Nc3 Rc4 61. Nd5 Rc1 62. Ne7+ Kg5 63. Nf5 d5 64. Rg3+ Kf4 65. Nxh6 Nf3+ 66.
Rxf3+ Kxf3 67. exd5 Rd1 68. d6 Rxd6 69. Nf7 Rd2+ 0-1

[Event "OHS 2018"]
[Site "?"]
[Date "2018.03.05"]
[Round "5.3"]
[White "Hahn, Matthias"]
[Black "Gasper, Jörn"]
[Result "1/2-1/2"]
[WhiteElo "2065"]
[BlackElo "2013"]
[PlyCount "95"]
[EventDate "2018.??.??"]
[WhiteTeam "SV Bochum-Linden-Dahlh"]
[BlackTeam "SV Waltrop 1922 e.V."]

1. e4 e5 2. Nf3 Nc6 3. Nc3 Nf6 4. d4 exd4 5. Nxd4 Bb4 6. Nxc6 bxc6 7. Bd3 d5 8.
exd5 O-O 9. O-O cxd5 10. h3 c6 11. Qf3 Rb8 12. Bf4 Bd6 13. b3 Rb4 14. Bxd6 Qxd6
15. Rfe1 Bd7 16. Qg3 Qxg3 17. fxg3 c5 18. Rad1 Rbb8 19. g4 h6 20. Re7 Rbd8 21.
Bf5 Rfe8 22. Nxd5 Bxf5 23. Nxf6+ gxf6 24. Rxd8 Rxd8 25. gxf5 Rd2 26. Rxa7 Rxc2
27. Rc7 Rxa2 28. Rxc5 Kf8 29. Kh2 Ke7 30. Rd5 Rb2 31. Rd3 Rf2 32. Rf3 Rd2 33.
Kg3 Kd6 34. Re3 Rb2 35. Kf3 h5 36. h4 Rb1 37. g3 Kd5 38. Kf4 Rf1+ 39. Rf3 Rd1
40. Ke3 Rb1 41. Kd2 Ke4 42. Rf4+ Ke5 43. Kc2 Rg1 44. Rf3 Ke4 45. Rd3 Kxf5 46.
g4+ Kxg4 47. b4 Re1 48. b5 1/2-1/2

[Event "OHS 2018"]
[Site "?"]
[Date "2018.03.05"]
[Round "5.4"]
[White "Finke, Dominik"]
[Black "Schmidt, Ralph"]
[Result "0-1"]
[WhiteElo "1997"]
[BlackElo "1869"]
[PlyCount "40"]
[EventDate "2018.??.??"]
[WhiteTeam "SG Bochum 1931"]
[BlackTeam "SV Bochum-Linden-Dahlh"]

1. e4 e5 2. Nf3 Nc6 3. Bc4 Bc5 4. c3 Nf6 5. d3 d6 6. O-O a6 7. Nbd2 O-O 8. h3
Na5 9. Bxf7+ Rxf7 10. b4 Ba7 11. bxa5 Re7 12. c4 Nh5 13. Nb3 Qf8 14. Kh1 Rf7
15. Kh2 Nf4 16. Ng5 Rf6 17. g3 Nxd3 18. f4 Nxc1 19. Rxc1 h6 20. Nf3 exf4 0-1

[Event "OHS 2018"]
[Site "?"]
[Date "2018.03.05"]
[Round "5.5"]
[White "Kükenbrink, Christopher"]
[Black "Boxberg, Marc"]
[Result "1/2-1/2"]
[WhiteElo "1897"]
[BlackElo "1634"]
[PlyCount "82"]
[EventDate "2018.??.??"]
[WhiteTeam "SV Günnigfeld 1922 e.V"]
[BlackTeam "SVigung Marten-Bövingh"]

1. e4 e6 2. d3 d5 3. Nd2 Nf6 4. g3 c5 5. Bg2 Nc6 6. Ngf3 Be7 7. O-O O-O 8. Re1
Qc7 9. e5 Nd7 10. Qe2 f6 11. exf6 Nxf6 12. c4 Bd7 13. b3 Nb4 14. Nf1 Bd6 15. a3
Nc6 16. Bb2 d4 17. N1d2 e5 18. Ne4 Nxe4 19. Qxe4 Bf5 20. Qd5+ Kh8 21. Ng5 Rf6
22. b4 cxb4 23. c5 Bf8 24. Ne4 Ne7 25. Qc4 bxa3 26. Bxa3 Bxe4 27. Bxe4 Nc6 28.
Bc1 h6 29. f4 exf4 30. Bxf4 Qf7 31. Bd5 Qg6 32. Be4 Qf7 33. Qxf7 Rxf7 34. Bd5
Rf5 35. Bxc6 bxc6 36. Bd6 Bxd6 37. cxd6 Rd5 38. Re6 Rd8 39. Rxa7 R5xd6 40. Ree7
Rg6 41. Rac7 Ra8 1/2-1/2

[Event "OHS 2018"]
[Site "?"]
[Date "2018.03.05"]
[Round "5.6"]
[White "Friedrich, Patrick"]
[Black "Bacaksiz, Bilal"]
[Result "1-0"]
[WhiteElo "1940"]
[BlackElo "1515"]
[PlyCount "59"]
[EventDate "2018.??.??"]
[WhiteTeam "SC Weiße Dame Borbeck 25"]
[BlackTeam "SF Springer Bochum 19"]

1. d4 c6 2. c4 d5 3. Nc3 Nf6 4. Nf3 dxc4 5. a4 Bf5 6. e3 e6 7. Bxc4 Bb4 8. O-O
O-O 9. Qb3 Qe7 10. Ne5 a5 11. f3 Nbd7 12. Nxd7 Qxd7 13. Rd1 Rfd8 14. e4 Bg6 15.
Be3 Qe7 16. Na2 c5 17. Nxb4 cxb4 18. Bg5 Qc7 19. e5 Nd5 20. Bxd8 Rxd8 21. Rac1
Qe7 22. Bxd5 exd5 23. Rc5 f6 24. Rxd5 Rxd5 25. Qxd5+ Bf7 26. Qxa5 fxe5 27. dxe5
h6 28. Qd8+ Qxd8 29. Rxd8+ Kh7 30. Rd7 1-0

[Event "OHS 2018"]
[Site "?"]
[Date "2018.03.05"]
[Round "5.7"]
[White "Koch, Burkhard"]
[Black "Funke, Eckhard"]
[Result "0-1"]
[WhiteElo "1752"]
[BlackElo "1764"]
[PlyCount "100"]
[EventDate "2018.??.??"]
[WhiteTeam "SG Höntrop 1947"]
[BlackTeam "SV Günnigfeld 1922 e.V"]

1. e4 c5 2. Nc3 Nc6 3. f4 a6 4. Nf3 e6 5. d3 d6 6. g3 g6 7. Bg2 Bg7 8. O-O Nge7
9. Be3 O-O 10. Qd2 Rb8 11. Rab1 b5 12. f5 exf5 13. Bh6 Ne5 14. Bxg7 Nxf3+ 15.
Bxf3 Kxg7 16. h4 b4 17. exf5 Bxf5 18. Ne4 Bxe4 19. dxe4 f5 20. h5 gxh5 21. Qg5+
Ng6 22. Qxh5 fxe4 23. Bxe4 Qe7 24. Bf5 Qe3+ 25. Kg2 Rbe8 26. Rf2 Re5 27. Rbf1
Rf6 28. Qg4 Qd4 29. Qxd4 cxd4 30. Bxg6 Rxf2+ 31. Rxf2 hxg6 32. Rd2 Re4 33. Kf3
d5 34. Re2 Rxe2 35. Kxe2 Kf6 36. a3 a5 37. axb4 axb4 38. Kd3 Ke5 39. Ke2 Ke4
40. g4 g5 41. Kd2 Kf4 42. Kd3 Kxg4 43. Kxd4 Kf4 44. Kxd5 g4 45. c4 bxc3 46.
bxc3 g3 47. c4 g2 48. c5 g1=Q 49. c6 Qg8+ 50. Kd6 Qc8 0-1

[Event "OHS 2018"]
[Site "?"]
[Date "2018.03.05"]
[Round "5.8"]
[White "Gregoritsch, Dirk"]
[Black "Ponto, Michael"]
[Result "0-1"]
[WhiteElo "1725"]
[BlackElo "1666"]
[PlyCount "30"]
[EventDate "2018.??.??"]
[WhiteTeam "SC Doppelbauer Brambauer"]
[BlackTeam "SV Horst-Emscher 31"]

1. d4 d5 2. Bf4 Nf6 3. e3 Bf5 4. Bd3 Bxd3 5. Qxd3 c6 6. Nd2 e6 7. Ngf3 Bd6 8.
Qb3 b6 9. Ne5 O-O 10. h3 c5 11. c3 Qc7 12. O-O Nc6 13. Ndf3 Ne4 14. Rfd1 f6 15.
Nd3 c4 0-1

[Event "OHS 2018"]
[Site "?"]
[Date "2018.03.05"]
[Round "5.9"]
[White "Kleinert, Andreas"]
[Black "Hoffmann, Gary"]
[Result "1-0"]
[WhiteElo "1779"]
[BlackElo "1574"]
[PlyCount "77"]
[EventDate "2018.??.??"]
[WhiteTeam "SF Gelsenkirchen 2002"]
[BlackTeam "SG Höntrop 1947"]

1. c4 d6 2. g3 e5 3. Bg2 Nc6 4. Nc3 Nf6 5. d3 Be6 6. a3 a5 7. e4 Be7 8. Nge2
O-O 9. Nd5 Nd7 10. Be3 b6 11. O-O Nc5 12. Qc2 Bf6 13. Nxf6+ Qxf6 14. f4 Qe7 15.
f5 Bd7 16. Rf2 f6 17. h4 Be8 18. g4 h6 19. Rb1 Na6 20. Nc3 Bf7 21. Ne2 Qd7 22.
Qc3 Rab8 23. Nc1 Rb7 24. Rc2 Rfb8 25. Na2 Qe8 26. b4 axb4 27. axb4 b5 28. cxb5
Rxb5 29. Qxc6 Qxc6 30. Rxc6 Bxa2 31. Rb2 Nxb4 32. Bd2 Nxc6 33. Rxa2 Rb2 34.
Rxb2 Rxb2 35. Be3 Rb3 36. Bf1 Nb4 37. Kf2 Nxd3+ 38. Ke2 Nf4+ 39. Kf2 1-0

[Event "OHS 2018"]
[Site "?"]
[Date "2018.03.05"]
[Round "5.11"]
[White "Gausmann, Thomas"]
[Black "Kümmel, Hans-Jürgen"]
[Result "1-0"]
[WhiteElo "1643"]
[BlackElo "1278"]
[PlyCount "65"]
[EventDate "2018.??.??"]
[WhiteTeam "SG Bochum 1931"]
[BlackTeam "SV Günnigfeld 1922 e.V"]

1. e4 g6 2. d4 Bg7 3. Bc4 d6 4. Nc3 a6 5. Be3 Nf6 6. f3 O-O 7. Nge2 b5 8. Bb3
Bb7 9. a3 Nbd7 10. O-O c5 11. dxc5 dxc5 12. e5 Nxe5 13. Bxc5 Qc7 14. Bf2 Rad8
15. Qc1 e6 16. Ng3 Nd5 17. Nge4 Nxc3 18. Nxc3 Nc6 19. Bc5 Nd4 20. Bxf8 Nxb3 21.
cxb3 Bxf8 22. Ne4 Qb6+ 23. Kh1 Bg7 24. Qc2 Rc8 25. Qd2 Bd5 26. b4 h6 27. Rac1
Rxc1 28. Rxc1 Kh7 29. Qf4 Qd4 30. Qxf7 Qxb2 31. Re1 Qd4 32. Qe7 Bxe4 33. fxe4
1-0

[Event "OHS 2018"]
[Site "?"]
[Date "2018.03.05"]
[Round "5.12"]
[White "Lojack, Rouven"]
[Black "Krolik, Wilfried"]
[Result "0-1"]
[WhiteElo "1476"]
[BlackElo "1500"]
[PlyCount "71"]
[EventDate "2018.??.??"]
[WhiteTeam "SV Königsspringer Halt"]
[BlackTeam "SV Waltrop 1922 e.V."]

1. d4 d5 2. Bf4 Nf6 3. Nf3 Nc6 4. e3 e6 5. Be2 Be7 6. O-O O-O 7. c4 Nh5 8. Bg3
Nxg3 9. fxg3 b6 10. cxd5 exd5 11. Nc3 Bb7 12. a3 Rc8 13. b4 Bf6 14. Bd3 g6 15.
Qb3 Ne7 16. Rad1 Bg7 17. e4 c6 18. e5 Rc7 19. Ng5 Bc8 20. Ne2 Nf5 21. Bxf5 Bxf5
22. Nf3 Qe7 23. Nc3 Be6 24. Qb2 Rfc8 25. Qd2 h6 26. h3 Rd8 27. Ne1 a6 28. Nd3
Kh7 29. a4 c5 30. bxc5 bxc5 31. Nf4 cxd4 32. Qxd4 Rc4 33. Ncxd5 Rxd4 34. Nxe7
Rxd1 35. Nxe6 Rxf1+ 36. Kxf1 0-1

[Event "OHS 2018"]
[Site "?"]
[Date "2018.03.05"]
[Round "5.13"]
[White "Hoffmann, Klaus"]
[Black "Rath, Michael"]
[Result "0-1"]
[WhiteElo "1636"]
[BlackElo "1647"]
[PlyCount "44"]
[EventDate "2018.??.??"]
[WhiteTeam "SG Höntrop 1947"]
[BlackTeam "SV Königsspringer Halt"]

1. e4 e6 2. d4 b6 3. Bd3 Bb7 4. Nf3 Nf6 5. Nc3 Bb4 6. Qe2 c5 7. Bd2 Nc6 8. e5
Bxc3 9. bxc3 Nd5 10. a3 d6 11. Ng5 cxd4 12. Nxf7 Kxf7 13. Qf3+ Ke8 14. Qg4 Kd7
15. exd6 Kxd6 16. c4 Nf6 17. Qxg7 Qe7 18. Qg3+ Kd7 19. Kd1 Rhg8 20. Qf3 Qg7 21.
Bb4 Na5 22. Qf4 Qg4+ 0-1

[Event "OHS 2018"]
[Site "?"]
[Date "2018.03.05"]
[Round "5.14"]
[White "Bleich, Karl-Heinz"]
[Black "Müller-Kreth, Kai"]
[Result "0-1"]
[WhiteElo "1560"]
[BlackElo "1816"]
[PlyCount "176"]
[EventDate "2018.??.??"]
[WhiteTeam "SV Springer Recklinghausen-Süd 1"]
[BlackTeam "SK Sodingen/Castrop 24/23 e.V."]

1. d4 Nf6 2. c4 e6 3. Nc3 d5 4. Nf3 Be7 5. e3 O-O 6. Bd2 Nbd7 7. cxd5 exd5 8.
Bd3 c6 9. O-O Re8 10. Rc1 Bd6 11. a3 a5 12. Re1 Ne4 13. Qc2 f5 14. Rf1 Ndf6 15.
h3 Be6 16. Be1 g6 17. Nd2 Bf7 18. Ndxe4 fxe4 19. Be2 Bc7 20. Bd1 Qd6 21. g3
Rac8 22. Ne2 g5 23. Qc5 Qd7 24. Kg2 Qd8 25. Rh1 Bh5 26. Ng1 Bxd1 27. Rxd1 Rf8
28. Qc2 Rf7 29. Rc1 Qd7 30. Qd1 Rcf8 31. Rc2 Qf5 32. b4 axb4 33. axb4 h5 34. b5
cxb5 35. Rb2 Bd6 36. Rxb5 g4 37. Rb6 Bb8 38. Qb1 gxh3+ 39. Rxh3 Ng4 40. Rb2 Qg6
41. Qa2 Rf5 42. Rh4 Qc6 43. Rc2 Qd7 44. Qb3 Qf7 45. Nh3 Bd6 46. Nf4 Bxf4 47.
exf4 Qd7 48. Rb2 R8f7 49. Rh1 Kg7 50. Bd2 Kg6 51. Qa3 R5f6 52. Qb3 Rc6 53. Qd1
Qc8 54. Rb5 Nf6 55. Qe2 Qg4 56. Qe3 Rh7 57. Rh4 Qd7 58. Qb3 Rc4 59. Be3 Qc8 60.
Rb6 Rc6 61. Rb5 Rc3 62. Qb1 Rhc7 63. Qb4 R3c4 64. Qd6 Qd7 65. f5+ Kf7 66. Qf4
Qxb5 67. Qg5 Qe8 68. Qf4 b5 69. Rh1 b4 70. Qh6 Qg8 71. Qf4 Qg4 72. Qe5 Re7 73.
Qb8 Qxf5 74. Rb1 h4 75. Bh6 Re8 76. Qb7+ Qd7 77. Qa6 hxg3 78. Rf1 Rc2 79. Bg5
Re6 80. Qa8 Rxf2+ 81. Rxf2 gxf2 82. Qh8 Qe8 83. Qh2 Qg8 84. Qf4 Qg6 85. Kxf2 b3
86. Bh4 b2 87. Qc7+ Re7 88. Qb6 e3+ 0-1

[Event "OHS 2018"]
[Site "?"]
[Date "2018.03.12"]
[Round "6.1"]
[White "Eckert, Marius"]
[Black "Schmidt, Ralph"]
[Result "1-0"]
[WhiteElo "1979"]
[BlackElo "1869"]
[PlyCount "83"]
[EventDate "2018.??.??"]
[WhiteTeam "SV Waltrop 1922 e.V."]
[BlackTeam "SV Bochum-Linden-Dahlh"]

1. e4 e5 2. Nf3 Nc6 3. Bb5 Bc5 4. c3 f5 5. d4 fxe4 6. Bxc6 dxc6 7. Nxe5 Bd6 8.
Qh5+ g6 9. Qe2 Nf6 10. Bg5 Be6 11. Nd2 Be7 12. Bxf6 Bxf6 13. Nxe4 O-O 14. O-O
Bg7 15. Nc5 Bc8 16. Rfe1 Qd5 17. Ncd3 a5 18. Qe3 b6 19. c4 Qd6 20. c5 Qf6 21.
cxb6 cxb6 22. Rac1 c5 23. dxc5 bxc5 24. Nxc5 Ra7 25. Ned3 Raf7 26. a3 Qh4 27.
Qg3 Qh6 28. Rc2 Rf5 29. Rce2 Rg5 30. Qd6 Qh3 31. f4 Rg4 32. Qd5+ Kh8 33. Nf2
Qh4 34. Nxg4 Bxg4 35. Re8 Bh3 36. gxh3 g5 37. Rxf8+ Bxf8 38. Qe5+ Kg8 39. Qe6+
Kh8 40. Qe5+ Kg8 41. Nd7 Bd6 42. Qxg5+ 1-0

[Event "OHS 2018"]
[Site "?"]
[Date "2018.03.12"]
[Round "6.2"]
[White "Quast, Marcel"]
[Black "Hahn, Matthias"]
[Result "1-0"]
[WhiteElo "2203"]
[BlackElo "2065"]
[PlyCount "69"]
[EventDate "2018.??.??"]
[WhiteTeam "SC Gerthe 46 - Werne"]
[BlackTeam "SV Bochum-Linden-Dahlh"]

1. f4 d5 2. Nf3 Nf6 3. g3 g6 4. Bg2 Bg7 5. O-O O-O 6. d3 c5 7. Qe1 d4 8. a4 Nc6
9. Na3 Be6 10. Bd2 Qd7 11. Ng5 Bf5 12. Nc4 h6 13. Nf3 Bh3 14. Nfe5 Nxe5 15.
Nxe5 Qe6 16. Bxh3 Qxh3 17. c4 Nd7 18. Nxd7 Qxd7 19. b4 cxb4 20. Bxb4 Rfe8 21.
Qf2 f5 22. Bd2 e5 23. fxe5 Rxe5 24. Bf4 Ra5 25. Qf3 Re8 26. Rfb1 Rxa4 27. Rxa4
Qxa4 28. Rxb7 Qa5 29. Kf2 Qc5 30. Rc7 Qb6 31. Rc6 Qb7 32. Rxg6 Qxf3+ 33. Kxf3
Kf7 34. Ra6 Ra8 35. Bd6 1-0

[Event "OHS 2018"]
[Site "?"]
[Date "2018.03.12"]
[Round "6.3"]
[White "Gasper, Jörn"]
[Black "Wolff, Christoph"]
[Result "1/2-1/2"]
[WhiteElo "2013"]
[BlackElo "1948"]
[PlyCount "26"]
[EventDate "2018.??.??"]
[WhiteTeam "SV Waltrop 1922 e.V."]
[BlackTeam "SC Buer-Hassel 1919 e.V."]

1. d4 Nf6 2. Nf3 g6 3. Bf4 Bg7 4. h3 O-O 5. e3 c5 6. c3 d5 7. Nbd2 Nc6 8. dxc5
Nd7 9. Nb3 e5 10. Bg3 d4 11. Bh4 Qe8 12. e4 dxc3 13. bxc3 h6 1/2-1/2

[Event "OHS 2018"]
[Site "?"]
[Date "2018.03.12"]
[Round "6.4"]
[White "Zettl, Thomas"]
[Black "Friedrich, Patrick"]
[Result "0-1"]
[WhiteElo "1889"]
[BlackElo "1940"]
[PlyCount "84"]
[EventDate "2018.??.??"]
[WhiteTeam "SF Moers e.V."]
[BlackTeam "SC Weiße Dame Borbeck 25"]

1. e4 g6 2. c4 Bg7 3. Nc3 c5 4. d3 Nc6 5. g3 d6 6. Bg2 e6 7. Nge2 a6 8. O-O
Nge7 9. Bg5 Rb8 10. Qd2 b5 11. Rab1 b4 12. Nd1 Bd7 13. Be3 Qb6 14. g4 h5 15. g5
Bd4 16. h4 Ne5 17. Bf4 N7c6 18. Ne3 O-O 19. Bg3 Qa5 20. b3 Bc3 21. Qc2 Nd4 22.
Nxd4 Bxd4 23. Qe2 Qc7 24. Nc2 Bc3 25. f4 Nc6 26. Bf3 f5 27. Be1 Bg7 28. Bf2 Qa5
29. Ne1 Rbe8 30. Be3 Bc3 31. Qg2 Qc7 32. exf5 exf5 33. Bd5+ Kh7 34. Bf2 Re2 35.
Bf3 Rxa2 36. Qh1 Nd4 37. Qg2 Re8 38. Bd1 Bc6 39. Qg3 Qb7 40. Rc1 Bd2 41. Bxh5
gxh5 42. g6+ Kg8 0-1

[Event "OHS 2018"]
[Site "?"]
[Date "2018.03.12"]
[Round "6.5"]
[White "Funke, Eckhard"]
[Black "Kükenbrink, Christopher"]
[Result "1-0"]
[WhiteElo "1764"]
[BlackElo "1897"]
[PlyCount "95"]
[EventDate "2018.??.??"]
[WhiteTeam "SV Günnigfeld 1922 e.V"]
[BlackTeam "SV Günnigfeld 1922 e.V"]

1. d4 d5 2. c4 Nc6 3. cxd5 Qxd5 4. e3 e5 5. Nc3 Bb4 6. Bd2 Bxc3 7. Bxc3 exd4 8.
Ne2 Nf6 9. Nxd4 O-O 10. Nxc6 Qxc6 11. Rc1 Bg4 12. f3 Bf5 13. Bb4 Rfd8 14. Qxd8+
Rxd8 15. Rxc6 bxc6 16. e4 Be6 17. a3 Nd7 18. Be2 c5 19. Bc3 c4 20. Kf2 Nc5 21.
Rd1 Rxd1 22. Bxd1 Nd3+ 23. Ke3 c5 24. Kd2 f5 25. Bc2 fxe4 26. fxe4 Nf4 27. g3
Ng6 28. Ba4 Kf7 29. Ke3 Ne7 30. Be5 Nc8 31. Bc6 g6 32. Bb8 Ke7 33. Kd2 a6 34.
Bb7 Kd7 35. Bxa6 Nb6 36. Bb5+ Ke7 37. Ba7 Nd7 38. Bxd7 Kxd7 39. Bxc5 Kc6 40.
Bf8 Kb5 41. Kc3 Ka4 42. Bb4 Kb5 43. Kd4 Kc6 44. a4 Bf7 45. Ke5 h5 46. Kf6 Be8
47. Ke7 Bd7 48. Kf7 1-0

[Event "OHS 2018"]
[Site "?"]
[Date "2018.03.12"]
[Round "6.8"]
[White "Kleinert, Andreas"]
[Black "Gausmann, Thomas"]
[Result "1/2-1/2"]
[WhiteElo "1779"]
[BlackElo "1643"]
[PlyCount "74"]
[EventDate "2018.??.??"]
[WhiteTeam "SF Gelsenkirchen 2002"]
[BlackTeam "SG Bochum 1931"]

1. c4 e5 2. g3 Nc6 3. Bg2 f5 4. e3 Nf6 5. Ne2 g6 6. O-O Bg7 7. d3 O-O 8. f4 Qe8
9. e4 Kh8 10. Nbc3 d6 11. Rb1 a5 12. b3 fxe4 13. dxe4 exf4 14. Bxf4 Bg4 15. Qd2
Qd7 16. Rbe1 Bh3 17. Nd5 Bxg2 18. Nxf6 Bxf6 19. Kxg2 b6 20. Nc3 Be5 21. Bh6 Bg7
22. Nd5 Ne5 23. h3 Nf7 24. Bxg7+ Kxg7 25. Qf4 Ne5 26. Qh4 h6 27. Rf6 Qd8 28.
Ref1 Rxf6 29. Nxf6 c6 30. Qf4 Qe7 31. Qe3 Rf8 32. Ng4 Nxg4 33. hxg4 Rxf1 34.
Kxf1 Qf6+ 35. Ke2 Qb2+ 36. Kf3 c5 37. a3 Qf6+ 1/2-1/2

[Event "OHS 2018"]
[Site "?"]
[Date "2018.03.12"]
[Round "6.9"]
[White "Krolik, Wilfried"]
[Black "Koch, Burkhard"]
[Result "0-1"]
[WhiteElo "1500"]
[BlackElo "1752"]
[PlyCount "52"]
[EventDate "2018.??.??"]
[WhiteTeam "SV Waltrop 1922 e.V."]
[BlackTeam "SG Höntrop 1947"]

1. e4 e6 2. d3 d5 3. Qe2 dxe4 4. dxe4 e5 5. Nf3 Nc6 6. a3 Nf6 7. Nc3 Be7 8. h3
O-O 9. g3 Nd4 10. Qd3 Nd7 11. Nxd4 Nc5 12. Qf3 exd4 13. Nd5 Bd6 14. Bd3 f5 15.
exf5 Nxd3+ 16. Qxd3 Qe8+ 17. Qe2 Bxf5 18. Nf4 Qc6 19. O-O Bxf4 20. Bxf4 Bxh3
21. f3 Bxf1 22. Kxf1 Rae8 23. Qd3 Rxf4 24. gxf4 Re3 25. Qd2 Qxf3+ 26. Qf2 Qh3+
0-1

[Event "OHS 2018"]
[Site "?"]
[Date "2018.03.12"]
[Round "6.10"]
[White "Müller-Kreth, Kai"]
[Black "Gregoritsch, Dirk"]
[Result "0-1"]
[WhiteElo "1816"]
[BlackElo "1725"]
[PlyCount "62"]
[EventDate "2018.??.??"]
[WhiteTeam "SK Sodingen/Castrop 24/23 e.V."]
[BlackTeam "SC Doppelbauer Brambauer"]

1. e4 c5 2. Nf3 e6 3. d4 cxd4 4. Nxd4 a6 5. c4 Qc7 6. Nc3 Nf6 7. a3 Nc6 8. Be2
Nxd4 9. Qxd4 Bd6 10. Be3 O-O 11. h3 Be5 12. Qd3 d6 13. f4 Bxc3+ 14. bxc3 Bd7
15. O-O Bc6 16. Bf3 Rfc8 17. a4 a5 18. Rfd1 Ne8 19. Rdb1 Ra6 20. Rb3 Nf6 21.
Rab1 Nd7 22. Bd1 Nf6 23. Bf3 Nd7 24. Bd4 e5 25. Be3 exf4 26. Bxf4 Nc5 27. Qxd6
Qxd6 28. Bxd6 Nxb3 29. Rxb3 Bxa4 30. Rxb7 Rxd6 31. e5 Rd7 0-1

[Event "OHS 2018"]
[Site "?"]
[Date "2018.03.12"]
[Round "6.11"]
[White "Bacaksiz, Bilal"]
[Black "Hoffmann, Klaus"]
[Result "1-0"]
[WhiteElo "1515"]
[BlackElo "1636"]
[PlyCount "89"]
[EventDate "2018.??.??"]
[WhiteTeam "SF Springer Bochum 19"]
[BlackTeam "SG Höntrop 1947"]

1. d4 Nf6 2. Bf4 e6 3. e3 d5 4. c3 Nbd7 5. Nd2 Bd6 6. Bg3 a6 7. Bd3 Bxg3 8.
hxg3 e5 9. f3 exd4 10. exd4 Nb6 11. Ne2 Be6 12. g4 g6 13. Ng3 Qd6 14. Kf2 O-O-O
15. g5 Nfd7 16. Rh4 Qe7 17. f4 f6 18. Nf3 Rde8 19. Qd2 Nc4 20. Bxc4 dxc4 21.
Re1 Qf7 22. Ne4 Bd5 23. Nxf6 Nxf6 24. gxf6 Bxf3 25. Kxf3 Rxe1 26. Qxe1 Qxf6 27.
Qe5 Qxh4 28. Qxh8+ Kd7 29. Qg7+ Kc8 30. Qg8+ Kd7 31. Qxc4 Qh5+ 32. Kg3 Qf5 33.
Qe2 h5 34. a3 h4+ 35. Kxh4 Qxf4+ 36. Qg4+ Qf5 37. Qxf5+ gxf5 38. Kg5 Ke6 39. c4
b5 40. b3 c6 41. Kf4 a5 42. a4 b4 43. g3 Kf6 44. d5 c5 45. d6 1-0

[Event "OHS 2018"]
[Site "?"]
[Date "2018.03.12"]
[Round "6.12"]
[White "Hoffmann, Gary"]
[Black "Illner, Jan"]
[Result "1/2-1/2"]
[WhiteElo "1574"]
[BlackElo "1473"]
[PlyCount "43"]
[EventDate "2018.??.??"]
[WhiteTeam "SG Höntrop 1947"]
[BlackTeam "SG Bochum 1931"]

1. e4 c5 2. Nf3 d6 3. Nc3 Nc6 4. Bb5 Bd7 5. O-O g6 6. d3 Bg7 7. Nd2 Nf6 8. f4
O-O 9. Nf3 a6 10. Bxc6 Bxc6 11. h3 b5 12. a3 a5 13. Ne2 Nd7 14. Ng3 e6 15. Qe2
Qc7 16. c3 b4 17. axb4 axb4 18. Bd2 bxc3 19. bxc3 Rfb8 20. Rxa8 Rxa8 21. c4 Ra2
22. Qe3 1/2-1/2

[Event "OHS 2018"]
[Site "?"]
[Date "2018.03.12"]
[Round "6.13"]
[White "Jaruschowitz, Roman"]
[Black "Kümmel, Hans-Jürgen"]
[Result "1/2-1/2"]
[WhiteElo "1383"]
[BlackElo "1278"]
[PlyCount "45"]
[EventDate "2018.??.??"]
[WhiteTeam "SK Sodingen/Castrop 24/23 e.V."]
[BlackTeam "SV Günnigfeld 1922 e.V"]

1. e4 g6 2. Nc3 Bg7 3. Be2 d6 4. d4 Nf6 5. Nf3 a6 6. h3 b5 7. a3 Bb7 8. d5 c5
9. Qd3 O-O 10. Bf4 Nbd7 11. O-O Nb6 12. Qd2 Nfd7 13. b4 cxb4 14. axb4 Rc8 15.
Ra3 Nc4 16. Bxc4 Rxc4 17. Rb3 Qc8 18. Ne2 Rxc2 19. Qe3 Rc4 20. Nd2 Rc2 21. Nd4
Rc1 22. N2f3 Rxf1+ 23. Kxf1 1/2-1/2

[Event "OHS 2018"]
[Site "?"]
[Date "2018.03.12"]
[Round "6.14"]
[White "Buchhop, Rainer"]
[Black "Bleich, Karl-Heinz"]
[Result "1-0"]
[WhiteElo "1317"]
[BlackElo "1560"]
[PlyCount "111"]
[EventDate "2018.??.??"]
[WhiteTeam "SV Unser Fritz Wanne-E"]
[BlackTeam "SV Springer Recklinghausen-Süd 1"]

1. Nf3 d6 2. b3 e5 3. e4 Be7 4. Bb2 Nf6 5. Nc3 O-O 6. d3 Nc6 7. Be2 Bg4 8. h3
Bd7 9. Nd5 Nxd5 10. exd5 Nb4 11. c4 c6 12. a3 Na6 13. dxc6 Bxc6 14. O-O f5 15.
b4 Bd7 16. Nd2 Nc7 17. d4 e4 18. d5 Bf6 19. Qc2 Qe8 20. Bxf6 Rxf6 21. Qc3 Rc8
22. Qd4 b6 23. Rfe1 Qg6 24. Bf1 Re8 25. Rac1 Qg5 26. Rc3 Rg6 27. Rg3 Qh6 28.
Rxg6 Qxg6 29. Qe3 Re5 30. b5 Ne8 31. Re2 Nf6 32. f4 exf3 33. Qxf3 Ne4 34. Nxe4
fxe4 35. Qe3 Bf5 36. a4 Re8 37. Rf2 h5 38. Ra2 Qf6 39. a5 Rf8 40. Be2 Qh4 41.
Bf1 Bc8 42. axb6 axb6 43. Ra7 g5 44. Qd4 Rf7 45. Rxf7 Kxf7 46. Qxb6 Bxh3 47.
Qc7+ Ke8 48. Qxd6 Bd7 49. Qe5+ Kf7 50. b6 Qe1 51. b7 e3 52. Qb2 Bg4 53. b8=Q e2
54. Qc7+ Kg6 55. Qbg7+ Kf5 56. Qce5# 1-0

[Event "OHS 2018"]
[Site "?"]
[Date "2018.03.14"]
[Round "7.1"]
[White "Eckert, Marius"]
[Black "Quast, Marcel"]
[Result "0-1"]
[WhiteElo "1979"]
[BlackElo "2203"]
[PlyCount "54"]
[EventDate "2018.03.19"]
[WhiteTeam "SV Waltrop 1922 e.V."]
[BlackTeam "SC Gerthe 46 - Werne"]

1. e4 Nf6 2. Nc3 e6 3. e5 Nd5 4. Nxd5 exd5 5. d4 d6 6. f4 dxe5 7. dxe5 Bc5 8.
Qd3 c6 9. Be3 Bf5 10. Qxf5 Bxe3 11. Nf3 g6 12. Qd3 Bxf4 13. Qd4 Bh6 14. h4 Qb6
15. Qg4 Qe3+ 16. Be2 Nd7 17. h5 Nxe5 18. Nxe5 Qxe5 19. O-O O-O 20. Bd3 Rae8 21.
Rf3 Qxb2 22. Raf1 Qe5 23. hxg6 fxg6 24. Bxg6 hxg6 25. Qxg6+ Bg7 26. Rf7 Qe3+
27. R1f2 Qh6 0-1

[Event "OHS 2018"]
[Site "?"]
[Date "2018.03.14"]
[Round "7.2"]
[White "Schmidt, Ralph"]
[Black "Gasper, Jörn"]
[Result "0-1"]
[WhiteElo "1869"]
[BlackElo "2013"]
[PlyCount "118"]
[EventDate "2018.03.19"]
[WhiteTeam "SV Bochum-Linden-Dahlh"]
[BlackTeam "SV Waltrop 1922 e.V."]

1. e4 e5 2. Nf3 Nc6 3. Bc4 Bc5 4. c3 Nf6 5. d3 O-O 6. O-O a5 7. Bg5 h6 8. Bh4
Be7 9. Nbd2 d6 10. h3 Bd7 11. Re1 Qb8 12. Nf1 b5 13. Bd5 Qd8 14. Bxc6 Bxc6 15.
Ne3 Bd7 16. Bxf6 Bxf6 17. Nd5 g6 18. Nxf6+ Qxf6 19. Nh2 Qg7 20. Re3 a4 21. Qf3
Kh8 22. Nf1 f5 23. exf5 gxf5 24. Qg3 f4 25. Qxg7+ Kxg7 26. Ree1 Bf5 27. Rad1
Rae8 28. f3 d5 29. Kf2 Kf6 30. g4 Bc8 31. h4 Re7 32. Nd2 Rfe8 33. Rg1 c5 34. b3
c4 35. bxc4 bxc4 36. dxc4 e4 37. cxd5 e3+ 38. Ke1 exd2+ 39. Kxd2 Re2+ 40. Kd3
R2e3+ 41. Kc4 Bd7 42. Rc1 Rxf3 43. Kc5 Rc8+ 44. Kd6 Be8 45. g5+ hxg5 46. hxg5+
Kf5 47. c4 Rd3 48. Rce1 Re3 49. Rgf1 Kxg5 50. Rxe3 fxe3 51. c5 e2 52. Re1 Bh5
53. c6 Kf4 54. Kc5 Ke3 55. d6 Be8 56. c7 Kd2 57. Kd5 Kxe1 58. Ke6 Kd2 59. d7
e1=Q+ 0-1